000 02191nam1a2200361 i 4500
001 RU\NLR\bibl\2000263
005 20260408073348.0
010 _a9785942115630
035 _a(NLR Aleph) 001989004
090 _a4197968
_c4197968
100 _a20130213g20129999k y0rusy50 ca
101 0 _arus
_aeng
_deng
102 _aRU
105 _a||||z |||||
200 1 _aПроблемы недропользования
_eмеждународный форум-конкурс молодых ученых, 25-27 апреля 2012 г.
_eсборник научных трудов
_f[редкол.: доц. Л.С. Синьков и др.]
210 _aСанкт-Петербург
_cРИЦ Национального минерально-сырьевого университета "Горный"
_d2012
215 _d29
300 _aВ надзаг.: М-во образования и науки Рос. Федерации, Федер. гос. бюджет. образоват. учреждение высш. проф. образования Нац. минерал.-сырьевой ун-т "Горный"
463 0 _10011915632
463 0 _10011916421
606 _aГорные работы
_jСъезды, совещания и т.п.
_91216799
_3RU\NLR\auth\66176280
606 _aЭкономика
_jСъезды, совещания и т.п.
_91414491
_3RU\NLR\AUTH\66284709
686 1 _aИ.я431
686 1 _aУ.я431
702 1 _4340
_aСиньков
_bЛ. С.
_cканд. техн. наук
_gЛеонид Сергеевич
_9198010
_3RU\NLR\AUTH\770198061
711 1 2 _a"Проблемы недропользования", международный форум-конкурс молодых ученых
_f2012
_eСанкт-Петербург
_3RU\NLR\AUTH\8810216274
_9318548
801 0 _aRU
_bNLR
_c20130213
_gRCR
801 1 _aRU
_bNLR
_c20130213
852 _aNLR
_j2012-8/1732
942 _cBOOK